000 00702nam a2200193Ia 4500
008 151119s9999||||xx |||||||||||||| ||und||
082 _a301.4
082 _bGKKV22524
100 _aजोग ब ना
245 _aहिंदू मुसलमान ऐकता भ्रम और वास्तविकता
260 _a--
260 _b--
260 _c0
600 _aजोग ब ना
630 _aहिंदू मुसलमान ऐकता भ्रम और वास्तविकता
700 _aजोग ब ना
730 _aहिंदू मुसलमान ऐकता भ्रम और वास्तविकता
942 _cBOOK
999 _c1075256
_d1075253